|
|
|
|
| LEADER |
01902nam a22004935i 4500 |
| 001 |
978-0-585-28848-2 |
| 003 |
DE-He213 |
| 005 |
20151204164029.0 |
| 007 |
cr nn 008mamaa |
| 008 |
100301s1991 ne | s |||| 0|eng d |
| 020 |
|
|
|a 9780585288482
|9 978-0-585-28848-2
|
| 024 |
7 |
|
|a 10.1007/978-0-585-28848-2
|2 doi
|
| 040 |
|
|
|d GrThAP
|
| 050 |
|
4 |
|a BJ1-1725
|
| 072 |
|
7 |
|a HPQ
|2 bicssc
|
| 072 |
|
7 |
|a PHI005000
|2 bisacsh
|
| 082 |
0 |
4 |
|a 170
|2 23
|
| 100 |
1 |
|
|a Morreim, E. Haavi.
|e author.
|
| 245 |
1 |
0 |
|a Balancing Act
|h [electronic resource] :
|b The New Medical Ethics of Medicine’s New Economics /
|c by E. Haavi Morreim.
|
| 264 |
|
1 |
|a Dordrecht :
|b Springer Netherlands,
|c 1991.
|
| 300 |
|
|
|a XIII, 185 p.
|b online resource.
|
| 336 |
|
|
|a text
|b txt
|2 rdacontent
|
| 337 |
|
|
|a computer
|b c
|2 rdamedia
|
| 338 |
|
|
|a online resource
|b cr
|2 rdacarrier
|
| 347 |
|
|
|a text file
|b PDF
|2 rda
|
| 490 |
1 |
|
|a Clinical Medical Ethics,
|x 0926-969X ;
|v 3
|
| 505 |
0 |
|
|a Overview -- A Bit of History -- Economic Forces, Clinical Constraints -- Fiscal Scarcity: Challenging Fidelity -- The Limits and Obligations of Fidelity: Resource Use -- The Obligations and Limits of Fidelity: Physicians’ Professional Services -- The New Medical Ethics of Medicine’s New Economics.
|
| 650 |
|
0 |
|a Philosophy.
|
| 650 |
|
0 |
|a Ethics.
|
| 650 |
|
0 |
|a Medicine.
|
| 650 |
|
0 |
|a Economics.
|
| 650 |
|
0 |
|a Management science.
|
| 650 |
1 |
4 |
|a Philosophy.
|
| 650 |
2 |
4 |
|a Ethics.
|
| 650 |
2 |
4 |
|a Medicine/Public Health, general.
|
| 650 |
2 |
4 |
|a Economics, general.
|
| 710 |
2 |
|
|a SpringerLink (Online service)
|
| 773 |
0 |
|
|t Springer eBooks
|
| 776 |
0 |
8 |
|i Printed edition:
|z 9780792311706
|
| 830 |
|
0 |
|a Clinical Medical Ethics,
|x 0926-969X ;
|v 3
|
| 856 |
4 |
0 |
|u http://dx.doi.org/10.1007/978-0-585-28848-2
|z Full Text via HEAL-Link
|
| 912 |
|
|
|a ZDB-2-SHU
|
| 912 |
|
|
|a ZDB-2-BAE
|
| 950 |
|
|
|a Humanities, Social Sciences and Law (Springer-11648)
|